| 000 | 005820000a22001810004500 | ||
|---|---|---|---|
| 003 | MACL | ||
| 005 | 20160407122402.0 | ||
| 008 | 160407b xxu||||| |||| 00| 0 eng d | ||
| 040 |
_aMACL _cMACL |
||
| 041 | _aHindi | ||
| 082 | _a403 | ||
| 100 |
_aरघुनाथ चास्कर _950908 |
||
| 245 | _aभारतीय सांस्कृतिक अन्त्याक्षरी | ||
| 260 |
_bकादम्बरी प्रकाशन _c2011 _aदिल्ली |
||
| 350 | _a395 | ||
| 650 |
_aEducation _950909 |
||
| 942 |
_cHIN _k403/CHA _2ddc |
||
| 999 |
_c44906 _d44906 |
||